| 000 | 01132cam a2200313 a 4500 | ||
|---|---|---|---|
| 999 |
_c531535 _d531535 |
||
| 001 | 11774518 | ||
| 003 | NUST | ||
| 005 | 20191018104758.0 | ||
| 008 | 990809s1998 ag ab 000 0 spa | ||
| 010 | _a 99235341 | ||
| 020 | _a9509140368 | ||
| 035 | _a(DLC) 99235341 | ||
| 035 | _a(AgBaFGC)gc 960775940000 | ||
| 038 | _awaseem | ||
| 040 |
_aDLC _cDLC _dDLC |
||
| 043 | _as-ag--- | ||
| 050 | 0 | 0 |
_aF3001.1 _b.S47 1998 |
| 082 | 0 | 0 |
_a779.998211 _bSES |
| 100 | 1 |
_aSessa, Aldo, _d1939- _924141 |
|
| 245 | 1 | 0 |
_aBuenos Aires panorama / _cdiseño de Carolina Sessa ; texto de José María Peña ; fotografías de Aldo Sessa. |
| 260 |
_aBuenos Aires : _bSessa Editores, _cc1998. |
||
| 300 |
_a108 p. : _bchiefly col. ill., 1 col. map ; _c20 x 26 cm. |
||
| 651 | 0 |
_aBuenos Aires (Argentina) _vPictorial works. _924358 |
|
| 651 | 0 |
_aBuenos Aires (Argentina) _xDescription and travel. _924359 |
|
| 700 | 1 |
_aPeña, José María. _924360 |
|
| 906 |
_a7 _bcbc _corignew _d3 _encip _f19 _gy-gencatlg |
||
| 942 |
_2ddc _cBK |
||